000 00515nam a22001817a 4500
999 _c3283
_d3283
003 OSt
005 20181107195755.0
008 181107b ||||| |||| 00| 0 eng d
020 _a0533078849
040 _cDLC
082 _a248
_bF672w
100 _aFomum, Zacharias Tanee
_d1945
245 _aThe Way of Victorious Praying
_bThe Prayer Power Series
_cZacharias Tanee Fomum
260 _aPune
_bJohn Prince
_c1988
300 _a193 p.:
_bill, tables.
650 _aPrayer
_xThe Prayer Power Series
942 _2ddc
_cBK